000
00285nam a22001337a 4500
008
170927b xxu||||| |||| 00| 0 eng d
020
_a
9780328108381
041
_a
eng
080
_a
37
100
_a
46
101
_a
EDU
245
_a
READING STREET
_c
FORESMAN.S
942
_2
udc
_c
BK
999
_c
30197
_d
30197